The growth plate (Record no. 208714)
[ view plain ]
| 000 -LEADER | |
|---|---|
| fixed length control field | 01319nam a22003374a 4500 |
| 245 04 - TITLE STATEMENT | |
| Title | The growth plate |
| 260 ## - PUBLICATION, DISTRIBUTION, ETC. (IMPRINT) | |
| Place of publication | Amsterdam ; |
| -- | Washington, DC : |
| Name of publisher | IOS Press, |
| Year of publication | c2002. |
| 300 ## - PHYSICAL DESCRIPTION | |
| Number of Pages | x, 265 p. : |
| Other physical details | ill. |
| 490 1# - SERIES STATEMENT | |
| Series statement | Biomedical and health research ; |
| 650 #0 - SUBJECT ADDED ENTRY--TOPICAL TERM | |
| Topical Term | Bone cells. |
| Topical Term | Cartilage cells. |
| Topical Term | Bones |
| 700 1# - ADDED ENTRY--PERSONAL NAME | |
| Personal name | Shapiro, Irving M. |
| Personal name | Boyan, Barbara. |
| Personal name | Anderson, H. Clarke. |
| 856 40 - ELECTRONIC LOCATION AND ACCESS | |
| Uniform Resource Identifier | http://site.ebrary.com/lib/rucke/Doc?id=10116445 |
No items available.
